000 003150000a22001330004500
003 MACL
040 _aMACL
090 _c33563
_d33561
100 _aRamalho, Jose A
245 _aLearn Advanced HTML 4.0 With DhtMl
260 _bBP B Publications
_c2000
650 _aComputer probraming
942 _cBOOK
_k005.133/Ram
999 _c33212
_d33212